000 00830cam a22002773a 4500
001 8725
003 PGUSA
005 20140828083204.0
008 050801s2005||||xxu|||||s|||||000 1 eng d
040 _aPGUSA
_beng
042 _adc
050 4 _aPQ
100 1 _aZola, Émile,
_d1840-1902
245 1 4 _aThe Three Cities Trilogy :
_bRome, Volume 5
_h[electronic resource] /
_cÉmile Zola
260 _bProject Gutenberg,
_c2005
506 _aPublic domain in the USA.
516 _aElectronic text
653 _aChristian pilgrims and pilgrimages -- Fiction
653 _aRome (Italy) -- Fiction
653 _aClergy -- Fiction
653 _aCatholics -- Fiction
700 1 _aVizetelly, Ernest Alfred,
_d1853-1922
830 0 _aProject Gutenberg
_v8725
856 4 0 _uhttp://www.gutenberg.org/ebooks/8725
942 _cEB
999 _c238025
_d238025